Intermrdiate algebra : graphs and models (Record no. 31236)

MARC details
000 -LEADER
fixed length control field 00507nam a2200181Ia 4500
020 ## - INTERNATIONAL STANDARD BOOK NUMBER
ISBN 9780201359947
050 ## - CALL MARK
Classification number QA 154.2 .B58/
100 ## - STATEMENT OF RESPONSIBILITY--MAIN AUTHOR NAME
Personal name Bittinger, Marvin L.
245 #0 - TITLE STATEMENT
Title Intermrdiate algebra : graphs and models
260 ## - PUBLICATION, DISTRIBUTION, ETC. (IMPRINT)
Place of publication New York
260 ## - PUBLICATION, DISTRIBUTION, ETC. (IMPRINT)
Name of publisher Addison Wesley Longman, Inc.
260 ## - PUBLICATION, DISTRIBUTION, ETC. (IMPRINT)
Year of publication 2000
300 ## - PHYSICAL DESCRIPTION
Number of Pages 698 p
650 ## - SUBJECT ADDED ENTRY--TOPICAL TERM
Topical Term Algebra--Textbooks. Algebra--Graphic methods--Textbooks.
942 ## - ADDED ENTRY ELEMENTS (KOHA)
Koha item type Books
Holdings
Withdrawn status Lost status Source of classification or shelving scheme Damaged status Not for loan Permanent Location Current Location Date acquired Accession Number Price effective from Koha item type
    Library of Congress Classification     NILE UNIVERSITY OF NIGERIA - MAIN LIBRARY NILE UNIVERSITY OF NIGERIA - MAIN LIBRARY 04/23/2025 0186454 04/23/2025 Books